000 00661nam a2200253Ia 4500
003 OSt
005 20221007114908.0
006 a|||||r|||| 00| 0
007 ta
008 221006b |||||||| |||| 00| 0 eng d
024 _a35,328
037 _cTextual
040 _aLCO
_cLCO
_beng
041 _2eng
_aeng
082 _aZ, N3
100 _aWaldron Jeremy
_9248857
245 0 _aLiberal Rights (Collected Papers 1981-1991)
250 _a1st
260 _aNew
_bYork Cambridge University Press U.S.A
_c1993
300 _a480
650 _aLIBERAL RIGHTS
_9709462
942 _hZ, N3
_cTEXL
999 _c1204891
_d1204891